Nigeria's foreign exchange markets Nigeria's foreign exchange markets: management & development : an integrated insight / (Record no. 52267)

MARC details
000 -LEADER
fixed length control field 00709nam a2200181 a 4500
008 - FIXED-LENGTH DATA ELEMENTS--GENERAL INFORMATION
fixed length control field 120416s1998 ||||||||||||||||| || u
020 ## - INTERNATIONAL STANDARD BOOK NUMBER
International Standard Book Number 9780290192
050 ## - LIBRARY OF CONGRESS CALL NUMBER
Classification number HG 3877 Uma
100 ## - MAIN ENTRY--PERSONAL NAME
Personal name Uma, Idika Kalu
245 10 - TITLE STATEMENT
Title Nigeria's foreign exchange markets Nigeria's foreign exchange markets: management & development : an integrated insight /
260 ## - PUBLICATION, DISTRIBUTION, ETC.
Place of publication, distribution, etc. Ibadan :
Name of publisher, distributor, etc. Spectrum Books Limited
Date of publication, distribution, etc. 1998
300 ## - PHYSICAL DESCRIPTION
Extent xviii, 323p. : ill.
350 ## - PRICE (NR) (BK AM CF MU VM SE) [OBSOLETE]
Price 0.00
500 ## - GENERAL NOTE
General note Bibliography
650 ## - SUBJECT ADDED ENTRY--TOPICAL TERM
Topical term or geographic name entry element MONEY
650 ## - SUBJECT ADDED ENTRY--TOPICAL TERM
Topical term or geographic name entry element Foreign exchange market - Nigeria
995 ## - RECOMMENDATION 995 [LOCAL, UNIMARC FRANCE]
-- 0.00
-- CBU-MAIN LIBRARY (Kitwe)
-- 1
-- 14.95
-- 1
-- AVAILABLE
-- Main Library Open Access Collection
Holdings
Withdrawn status Lost status Source of classification or shelving scheme Damaged status Not for loan Home library Current library Shelving location Date acquired Total Checkouts Full call number Barcode Date last seen Price effective from Koha item type
          CBU-MAIN LIBRARY, KITWE. CBU-MAIN LIBRARY, KITWE.   11/30/2022   HG 3877 Uma 028484 11/30/2022 11/30/2022 MONOGRAPH